| 000 | 00998nam a2200193Ia 4500 | ||
|---|---|---|---|
| 008 | 151121s9999||||xx |||||||||||||| ||und|| | ||
| 082 | _a781/गर्ग | ||
| 082 | _bHNW-58470 | ||
| 100 | _aगर्ग लक्ष्मीनारायण-संपा (भातखंडे वि।) | ||
| 245 | _aक्रमिक पुस्तक-मालिका-छठी पुस्तक | ||
| 260 | _b"संगीत कार्यालय, हाथरस,उत्तरप्रदेश।" | ||
| 260 | _c-- | ||
| 300 | _a490 | ||
| 600 | _aगर्ग लक्ष्मीनारायण-संपा (भातखंडे वि।) | ||
| 630 | _aक्रमिक पुस्तक-मालिका-छठी पुस्तक | ||
| 700 | _aगर्ग लक्ष्मीनारायण-संपा (भातखंडे वि।) | ||
| 730 | _aक्रमिक पुस्तक-मालिका-छठी पुस्तक | ||
| 942 | _cBOOK | ||
| 999 |
_c1240295 _d1240292 |
||